Human resource management and development : current issues and themes

Saved in:
Bibliographic Details
Main Author: Kempton, John
Format: Book
Language:English
Published: Houndmills : Macmillan, 1995
Subjects:
Tags: Add Tag
No Tags, Be the first to tag this record!

MARC

LEADER 00000nam a2200000 i 4500
001 1/55714
008 980427s1995 eng d
020 |a 0312125976 
035 |l 10027898 
040 |a GR-MY-UA  |b gre  |e aacr 
041 0 |a eng 
082 0 |a 658.3 
100 1 |a Kempton, John. 
245 1 0 |a Human resource management and development :  |b current issues and themes /  |c John Kempton 
260 |a Houndmills :   |b Macmillan,   |c 1995 
300 |a x, 227 p. 
504 |a Includes bibliography and index 
650 0 0 |a Personnel management. 
852 |a INST  |b CHIOS  |e 19980427  |h 658.3 KEM  |p 005200009516  |q 005200009516  |t BK  |y 0 
901 |a BIBL-1998-1 
909 |a Χ  |b 054348 
922 |a 2ΕΛΗ  |b 199803  |c ΤΔΕ  |d ΠΑΠΑΣΩΤΗΡΙΟΥ